00388cam a22001217a 4500008004000000082001800040100001800058245006700076260004000143300001300183650004600196650002400242180718b1962 xxu||||| |||| 00| 0 eng d aB262x54 Si64i aSingh, Harnam aIndian national movement and American opinioncby Harnam Singh aDelhibCentral Electric Pressc1962 avi, 400p aIndia --Foreign public opinion, American. aNationalism --India